|
|
|
|
| LEADER |
01048nam a22002537a 4500 |
| 001 |
AAL7313 |
| 003 |
BD-DhAAL |
| 005 |
20160307181736.0 |
| 008 |
160307s 2009bg |||| |||| 00| 0 ben d |
| 020 |
|
|
|a 9847015200732
|
| 040 |
|
|
|a BD-DhAAL
|c BD-DhAAL
|
| 082 |
|
|
|a 305.8/00954162
|
| 100 |
|
|
|a খান, ফরহাদ
|9 18385
|
| 245 |
|
|
|a বাঙালির বিবিধ বিলাস /
|c ফরহাদ খান
|
| 260 |
|
|
|a ঢাকা :
|b অনুপম প্রকাশনী,
|c ২০০৯
|
| 300 |
|
|
|a ৮৬ পৃ. ;
|c ২২ সে.মি.
|
| 541 |
|
|
|e 7313
|
| 650 |
|
|
|a Bengali (South Asian people)
|x Social life and customs.
|9 18386
|
| 650 |
|
|
|a Bengali (South Asian people)
|x Social life and customs.
|z Bangladesh
|9 18387
|
| 651 |
|
|
|a Bangladesh
|9 18388
|
| 852 |
|
|
|a Savar Campus Library
|c General Shelf
|
| 942 |
|
|
|2 ddc
|c BK
|
| 999 |
|
|
|c 37055
|d 37055
|
| 952 |
|
|
|0 0
|1 0
|2 ddc
|4 0
|6 305_800000000000000_00954162_KHA
|7 0
|9 58303
|a SCL
|b SCL
|c GEN
|d 2016-03-07
|g 100.00
|l 0
|o 305.800954162 KHA
|p 3020007313
|r 2016-03-07
|t 1
|w 2016-03-07
|y BK
|